<?xml version="1.0" encoding="UTF-8"?>
<collection xmlns="http://www.loc.gov/MARC21/slim">
 <record>
  <leader>00673cam a2200181 7i4500</leader>
  <controlfield tag="001">0000136569</controlfield>
  <controlfield tag="005">20100309090000.0</controlfield>
  <controlfield tag="002">  0000001635</controlfield>
  <datafield tag="090" ind1="0" ind2="0">
   <subfield code="a">LP 49  FST 2 2003 </subfield>
  </datafield>
  <datafield tag="100" ind1="1" ind2="#">
   <subfield code="a">Wong Choon Wai </subfield>
  </datafield>
  <datafield tag="235" ind1="0" ind2="0">
   <subfield code="a">Tissue culture of aquatic plant </subfield>
   <subfield code="c">Wong Choon Wai.</subfield>
  </datafield>
  <datafield tag="245" ind1="0" ind2="0">
   <subfield code="a">Project Report FST (Degree of Bachelor of Biological Sciences)2003.</subfield>
  </datafield>
  <datafield tag="260" ind1="#" ind2="#">
   <subfield code="a">Terengganu: </subfield>
   <subfield code="b">Kolej Universiti Sains dan Teknologi Malaysia, </subfield>
   <subfield code="c">2003.</subfield>
  </datafield>
  <datafield tag="300" ind1=" " ind2=" ">
   <subfield code="a">40p.: </subfield>
   <subfield code="b">col.ill..</subfield>
  </datafield>
  <datafield tag="502" ind1="#" ind2="#">
   <subfield code="a">An Aquatic plant,Cryptocoryne ciliata had been cultured in-vitro successfully</subfield>
  </datafield>
  <datafield tag="601" ind1="0" ind2="0">
   <subfield code="a">Cryptocoryne ciliata </subfield>
  </datafield>
  <datafield tag="602" ind1="#" ind2="#">
   <subfield code="a">Laporan Projek FST 2003</subfield>
  </datafield>
  <datafield tag="999" ind1=" " ind2=" ">
   <subfield code="a">1100025045</subfield>
   <subfield code="b">Book</subfield>
   <subfield code="c">LAPORAN PROJEK</subfield>
   <subfield code="e">BILIK ARKIB</subfield>
  </datafield>
 </record>
</collection>
